Vývoj metód a organizácie výučby v odbornom školstve na Slovensku = Development of methods and tuition organization in the special educational system in Slovakia : Diplomová práca

Saved in:
Bibliographic Details
Main Author: Horváthová, Mária (Author)
Other Authors: Lang, Ján, 1972- (xxx)
Format: Manuscript Book
Language:Slovak
Published: Trnava : STU v Bratislave MTF UIPH, 2009
Subjects:
Tags: Add Tag
No Tags, Be the first to tag this record!

MARC

LEADER 00000ntm a22000003a 4500
001 stu198421
005 20160719160100.1
008 100118s2009----xo------------------slo-d
040 |a STU  |b slo 
041 0 |a slo 
044 |a xo 
100 1 |a Horváthová, Mária  |4 aut 
245 1 |a Vývoj metód a organizácie výučby v odbornom školstve na Slovensku = Development of methods and tuition organization in the special educational system in Slovakia :  |b Diplomová práca 
260 |a Trnava :  |b STU v Bratislave MTF UIPH,  |c 2009 
300 |a 78 s  |c 1 CD-ROM 
500 |a Študijný odbor: 1.1.2 učiteľstvo profesijných predmetov a praktickej prípravy 
500 |a Študijný program: učiteľstvo technických profesijných predmetov 
650 7 |a vyučovacie metódy  |2 stusub 
700 1 |a Lang, Ján,  |d 1972-  |4 xxx  |u I200  |U FIIT Fakulta informatiky a informačných technológií  |T FIIT Ústav informatiky a softvérového inžinierstva  |X 60247  |U I200  |Y 179  |7 60247 
996 |b 284M072131  |c M*DP-8600  |l MMSKP  |s P  |a 0  |w stu198421_0001